Physical Activity towards Health and Fitness ( PATH - FIT 4 Sports ): (Record no. 86921)

MARC details
000 -LEADER
fixed length control field 00729nam a22002177a 4500
003 - CONTROL NUMBER IDENTIFIER
control field URS
005 - DATE AND TIME OF LATEST TRANSACTION
control field 20251002093057.0
008 - FIXED-LENGTH DATA ELEMENTS--GENERAL INFORMATION
fixed length control field 250924b |||||||| |||| 00| 0 eng d
020 ## - INTERNATIONAL STANDARD BOOK NUMBER
International Standard Book Number 978-971-9655-50-3
040 ## - CATALOGING SOURCE
Original cataloging agency DLC
Language of cataloging DLC
Transcribing agency DLC
Modifying agency URS
082 ## - DEWEY DECIMAL CLASSIFICATION NUMBER
Classification number 796.346
Item number B87 2023
100 ## - MAIN ENTRY--PERSONAL NAME
Personal name Medina - Bulatao, Mary Grace
245 ## - TITLE STATEMENT
Title Physical Activity towards Health and Fitness ( PATH - FIT 4 Sports ):
Statement of responsibility, etc. Mary Grace Medina - Bulatao
Remainder of title Individual/Dual and Team Sports
260 ## - PUBLICATION, DISTRIBUTION, ETC.
Place of publication, distribution, etc. Manila:
Name of publisher, distributor, etc. Mindshapers Co.,
Date of publication, distribution, etc. 2023
300 ## - PHYSICAL DESCRIPTION
Extent vii, 208 pages:
Other physical details ill;
Dimensions 23 cm
504 ## - BIBLIOGRAPHY, ETC. NOTE
Bibliography, etc. note Includes bibliography
648 ## - SUBJECT ADDED ENTRY--CHRONOLOGICAL TERM
Chronological term 1: Athletic & Outdoor Sports & Games.
700 ## - ADDED ENTRY--PERSONAL NAME
Personal name Navalta, Ronda L.
700 ## - ADDED ENTRY--PERSONAL NAME
Personal name Taguba, Jayvin M.
942 ## - ADDED ENTRY ELEMENTS (KOHA)
Source of classification or shelving scheme Dewey Decimal Classification
Koha item type Filipiniana
Holdings
Withdrawn status Source of classification or shelving scheme Damaged status Not for loan Collection code Home library Current library Shelving location Date acquired Total Checkouts Full call number Barcode Date last seen Price effective from Koha item type
  Dewey Decimal Classification     Reference Pililla College Library Pililla College Library New Materials Shelf 09/24/2025   796.346 B87 2023 URSPIL-7233 09/24/2025 09/24/2025 Filipiniana

University of Rizal System
Email us at univlibservices@urs.edu.ph

Visit our Website www.urs.edu.ph/library